000 00850nam a22002417a 4500
999 _c13096
_d13096
003 AR-CdUCM
008 190411b ||||| |||| 00| 0 spa d
040 _aMUNICIPALIDAD PROVINCIAL DEL CUSCO
_cBIBLIOTECA MUNICIPAL DEL CUSCO
041 _heng
082 _a828.916 /
_bP81
100 _aPound, Ezra
_99256
245 _aSobre Joyce /
260 _aBarcelona :
_bBarral Editores,
_c1971.
300 _a438 páginas ;
_c20 cm.
440 _aBreve Biblioteca de Balance.
_931294
505 _aContenido: 1913-1918 Cartas y comentario -- 1919-1920 Cartas y comentario -- 1920-1924 Cartas y comentario -- 1925-1929 Cartas y comentario ...
650 _aAutores ingleses
_94522
650 _aBiobibliografía
_97105
650 _aLiteratura
_983
700 _aLauer, Mirko (traducción)
_99258
942 _2ddc
_cLIBROS
945 _aachl
_d2019-04-11